000 00655cam a2200241 4500
001 J2391
008 090401t1993 xxu||||| |||| 00| 0 eng d
035 _a(Sirsi) u48842
041 _aeng
050 _a333.330973
110 _aNational Association of Realtors
_9895
245 _aProfile of real estate firms: 1992.
260 _aWashington, DC
_bNational Association of Realtors
_c1993
300 _aix,80,8p. ; 28cm.
350 _a0
490 _aReal Estate Business Series
650 _aESTATE AGENCY
650 _aREAL ESTATE FIRMS
650 _aUNITED STATES
690 _aOVERSEAS-NORTH AMERICA
942 _n0
948 _c04/03/1997
999 _c92418
_d92418